سماء الليل الرائعة / (رقم التسجيلة. 145668)

تفاصيل مارك
000 -LEADER
fixed length control field 00554nam a22001937a 4500
005 - DATE AND TIME OF LATEST TRANSACTION
control field 20251108175926.0
008 - FIXED-LENGTH DATA ELEMENTS--GENERAL INFORMATION
fixed length control field 250721s2021 xx 000 0 ara d
082 14 - DEWEY DECIMAL CLASSIFICATION NUMBER
Classification number ط/372.3/بار
100 1# - MAIN ENTRY--PERSONAL NAME
Personal name ديركي، ربيع
Relator term مشرف
245 10 - TITLE STATEMENT
Title سماء الليل الرائعة /
264 1# - PRODUCTION, PUBLICATION, DISTRIBUTION, MANUFACTURE, AND COPYRIGHT NOTICE
Place of production, publication, distribution, manufacture دمشق :
Name of producer, publisher, distributor, manufacturer بيت الحكمة،
Date of production, publication, distribution, manufacture, or copyright notice 2021.
300 ## - PHYSICAL DESCRIPTION
Extent 32ص.
650 17 - SUBJECT ADDED ENTRY--TOPICAL TERM
Topical term or geographic name as entry element العلوم
650 17 - SUBJECT ADDED ENTRY--TOPICAL TERM
Topical term or geographic name as entry element السماء
653 ## - INDEX TERM--UNCONTROLLED
Uncontrolled term اطفال مرحلة متوسطة (6-9)سنوات
700 1# - ADDED ENTRY--PERSONAL NAME
Personal name barnham، kay
942 ## - ADDED ENTRY ELEMENTS (KOHA)
Source of classification or shelving scheme Dewey Decimal Classification
Koha item type كتب
المقتنيات
حالة السحب حالة الفقدان مصدر التصنيف حالة التلف غير قابل للإعارة المكتبة الرئيسية المكتبة الحالية موقع الرف تاريخ التزويد الرقم المتسلسل Total Checkouts رقم الإستدعاء الباركود تاريخ آخر ظهور تاريخ الفاتورة نوع المادة (كوها)
    Dewey Decimal Classification     المكتبة المركزية المكتبة المركزية الأطفال 07/01/2025 1791270   ط/372.3/بار PLD00513809 28/07/2025 07/01/2025 كتب
    Dewey Decimal Classification     مكتبة قتيبة للأطفال مكتبة قتيبة للأطفال الأطفال 07/01/2025 1791271   ط/372.3/بار PLD00513810 28/07/2025 07/01/2025 كتب
    Dewey Decimal Classification     مكتبة الأميرة سلمى مكتبة الأميرة سلمى الأطفال 07/01/2025 1791272   ط/372.3/بار PLD00513811 28/07/2025 07/01/2025 كتب
    Dewey Decimal Classification     مكتبة بدر الجديدة للأطفال مكتبة بدر الجديدة للأطفال الأطفال 28/07/2025 1783878   ط/372.3/بار PLD00507440 28/07/2025 28/07/2025 كتب
Implemented & Customized by: BBB with SCIT (Smart Chains for Information Technology)

Powered by Koha